000 00947cam a2200241 a 4500
999 _c749
_d749
001 9423
003 BD-DhUAP
005 20210118145740.0
008 200127s2003 bg a b 100 0 eng
040 _aDLC
_cDLC
_dBD-DhUAP
_bEng
082 _223
_a330.9 THI
245 1 0 _aThird International Conference on Regional Economic Cooperation Among Bangladesh, China, India and Myanmar (BCIM) :
_bDhaka, February 6-7, 2002 : report of the conference /
_cedited by Rehman Sobhan ... [et al.].
260 _aDhaka :
_bCentre for Policy Dialogue,
_cc2003.
300 _aviii, 198 pages :
_billustrations ;
_c25 cm.
504 _aIncludes bibliographical references.
650 0 _aCommerce
_xInternational cooperation
_vCongresses.
651 0 _aBangladesh
_xCommerce
_vCongresses.
651 0 _aChina
_xCommerce
_vCongresses.
651 0 _aIndia
_xCommerce
_vCongresses.
651 0 _aBurma
_xCommerce
_vCongresses.
700 1 _aSobhan, Rehman.
942 _2ddc
_cBK